Forecasting: methods and applications

Uloženo v:
Podrobná bibliografie
Hlavní autoři: Makridakis, Spyros G. (autor), Wheelwright, Steven C (Autor), Hyndman, Rob J (Autor)
Médium: Kniha
Jazyk:angličtina
Vydáno: Danvers John Wiley and Sons 1998
Vydání:3a. ed
Témata:
Tagy: Přidat tag
Žádné tagy, Buďte první, kdo vytvoří štítek k tomuto záznamu!

MARC

LEADER 00000cam a2200000 a 4500
001 UCG8596
003 CL-VaPUC
008 111223e19980000US |||||||||||||||||eng|d
020 |a 9780471532330 
082 0 4 |a 338.544  |b MAK  |2 21 
100 |a Makridakis, Spyros G.  |e autor  |9 559683 
700 0 |a Wheelwright, Steven C  |e author  |9 559684 
700 0 |a Hyndman, Rob J  |e author  |9 559685 
245 1 0 |a Forecasting: methods and applications 
250 |a 3a. ed 
300 |a 642 p 
942 |c BK 
945 |d 20111223 00:00:00  |a cmena 
260 |a Danvers  |b John Wiley and Sons  |c 1998 
650 7 |a PREDICCIONES  |2 CL-VaPUC  |9 260762 
650 0 |a Series Temporales  |9 358906 
650 0 |a Datos estadísticos  |9 329380 
650 0 |a Estadística matemática  |9 260028 
650 0 |a Econometría   |9 261029 
583 |a last modification  |c 20111223 12:06:00  |k Rodrigo Vera 
999 |c 346202  |d 346200 
952 |0 0  |1 0  |4 0  |6 338_544000000000000_MAK_1998  |7 0  |8 A  |9 446788  |a BIBING  |b BIBING  |d 2019-11-22  |i 4816706  |o 338.544 MAK 1998  |p 4816706  |r 2025-01-20  |w 2019-11-22  |y BK  |k EII